[Event "AUTO-ADV-2876"]
[Site "http://www.queenalice.com/game.php?id=1190215"]
[Date "2013.6.12"]
[Round "1"]
[White "NeyFLA"]
[Black "Dorges"]
[Result "0-1"]
[WhiteElo "1404"]
[BlackElo "1725"]

1. d4 d5 2. c4 e6 3. Nc3 dxc4 4. e4 Nc6 5. Bxc4 Nxd4 6. Be3 Bc5 7. Nf3 Nxf3+ 8.
Qxf3 Bxe3 9. Qxe3 Nf6 10. O-O c6 11. a4 O-O 12. b4 b6 13. Rfd1 Qc7 0-1

[Event "AUTO-OPEN-3012"]
[Site "http://www.queenalice.com/game.php?id=1190495"]
[Date "2013.6.13"]
[Round "1"]
[White "ratorei"]
[Black "NeyFLA"]
[Result "1-0"]
[WhiteElo "2044"]
[BlackElo "1728"]

1. Nf3 d5 2. g3 Nc6 3. d4 Nf6 4. Bg2 Bg4 5. Ne5 e6 6. Nxg4 Nxg4 7. h3 Nf6 8. Nc3
Bb4 9. O-O O-O 10. Bg5 Bxc3 11. bxc3 h6 12. Bxf6 Qxf6 13. e4 dxe4 14. Bxe4 Ne7
15. Bxb7 Rab8 16. Rb1 Nd5 17. Bxd5 exd5 18. Qd3 Rfe8 19. Rb3 h5 20. Kg2 Qd6 21.
Rfb1 1-0

[Event "AUTO-OPEN-3012"]
[Site "http://www.queenalice.com/game.php?id=1190496"]
[Date "2013.6.13"]
[Round "1"]
[White "NeyFLA"]
[Black "ratorei"]
[Result "0-1"]
[WhiteElo "1746"]
[BlackElo "2040"]

1. d4 Nf6 2. c4 e6 3. Nf3 d5 4. Nc3 c6 5. cxd5 exd5 6. Bg5 Bb4 7. e3 Nbd7 8. Bd3
Qa5 9. O-O O-O 10. Qc2 h6 11. Bxf6 Nxf6 12. a3 Bd6 13. b4 Qd8 14. Ne2 Re8 15.
Ng3 Bg4 16. Ne5 Bxe5 17. dxe5 Rxe5 18. h3 Bd7 19. f4 Re7 20. Nh1 Rxe3 21. Nf2
Qb6 0-1

[Event "AUTO-OPEN-3012"]
[Site "http://www.queenalice.com/game.php?id=1190515"]
[Date "2013.6.13"]
[Round "1"]
[White "TylerDurden"]
[Black "NeyFLA"]
[Result "1-0"]
[WhiteElo "1353"]
[BlackElo "1556"]

1. d4 d5 2. Nf3 c5 3. c3 Nc6 4. Bf4 Nf6 5. Nbd2 Bf5 6. g3 e6 7. Bg2 Be7 8. Nh4
O-O 9. Nxf5 exf5 10. dxc5 Bxc5 11. O-O Re8 12. Re1 h6 13. h4 a6 14. b4 Bb6 15.
Nb3 Ng4 16. e3 Ne7 17. Nd4 Ng6 18. Nxf5 1-0

[Event "AUTO-OPEN-3012"]
[Site "http://www.queenalice.com/game.php?id=1190516"]
[Date "2013.6.13"]
[Round "1"]
[White "NeyFLA"]
[Black "TylerDurden"]
[Result "0-1"]
[WhiteElo "1746"]
[BlackElo "1208"]

1. d4 Nf6 2. c4 g6 3. Nc3 Bg7 4. Nf3 d6 5. Bg5 O-O 6. e3 Nbd7 7. Bd3 c6 8. O-O
d5 9. cxd5 cxd5 10. a3 a6 11. Re1 Qc7 12. b4 Qxc3 13. Bxf6 Bxf6 14. Qe2 Qc6 0-1

[Event "AUTO-OPEN-3012"]
[Site "http://www.queenalice.com/game.php?id=1190525"]
[Date "2013.6.13"]
[Round "1"]
[White "silverado"]
[Black "NeyFLA"]
[Result "1-0"]
[WhiteElo "1936"]
[BlackElo "1725"]

1. e4 e5 2. Nc3 Nf6 3. a3 Nc6 4. b4 a6 5. Bc4 b5 6. Ba2 Be7 7. Bb2 Bb7 8. d3 O-O
9. Nh3 d5 10. Nxd5 Nxd5 11. Bxd5 Rb8 12. Qg4 Nd4 13. Bxb7 Nxc2+ 14. Kd2 Nxa1 15.
Bd5 a5 16. Bxe5 axb4 17. Qxg7# 1-0

[Event "AUTO-OPEN-3012"]
[Site "http://www.queenalice.com/game.php?id=1190526"]
[Date "2013.6.13"]
[Round "1"]
[White "NeyFLA"]
[Black "silverado"]
[Result "0-1"]
[WhiteElo "1740"]
[BlackElo "1906"]

1. d4 c5 2. dxc5 Qa5+ 3. Nc3 Qxc5 4. Nf3 Nf6 5. Bf4 Nc6 6. e4 Ng4 7. Qd2 e5 8.
Bg3 Nb4 9. h3 Nf6 10. Bd3 Nxd3+ 11. Kf1 Nxb2 0-1

[Event "AUTO-ADV-2877"]
[Site "http://www.queenalice.com/game.php?id=1190605"]
[Date "2013.6.13"]
[Round "1"]
[White "callende"]
[Black "NeyFLA"]
[Result "1-0"]
[WhiteElo "1898"]
[BlackElo "1665"]

1. e4 e5 2. f4 d6 3. h3 Nc6 4. Nf3 exf4 5. d4 f5 6. Bxf4 Nf6 7. exf5 Bxf5 8. a3
g6 9. Qe2+ Qe7 10. Nc3 Qxe2+ 11. Bxe2 O-O-O 12. O-O-O Bg7 13. Ng5 Rd7 14. g4 h6
15. Nf3 Be6 16. g5 hxg5 17. Bxg5 Nh5 18. d5 1-0

[Event "AUTO-ADV-2877"]
[Site "http://www.queenalice.com/game.php?id=1190606"]
[Date "2013.6.13"]
[Round "1"]
[White "NeyFLA"]
[Black "magrella"]
[Result "0-1"]
[WhiteElo "1605"]
[BlackElo "1796"]

1. d4 e6 2. c4 b6 3. Nf3 Bb7 4. e3 Nf6 5. Nc3 Bb4 6. Bd2 d5 7. cxd5 exd5 8. a3
Bxc3 9. Bxc3 O-O 10. Bd3 h6 11. O-O Nc6 12. b4 Ne7 13. Re1 Ng6 14. Ne5 Ne4 15.
Nxg6 fxg6 16. Bxe4 dxe4 17. Qg4 Qf6 0-1

[Event "AUTO-ADV-2877"]
[Site "http://www.queenalice.com/game.php?id=1190607"]
[Date "2013.6.13"]
[Round "1"]
[White "magrella"]
[Black "NeyFLA"]
[Result "1-0"]
[WhiteElo "1804"]
[BlackElo "1597"]

1. e4 e5 2. Nf3 Nc6 3. Bb5 d6 4. Bxc6+ bxc6 5. O-O Nf6 6. d3 Bb7 7. Nc3 d5 8.
Nxe5 dxe4 9. Qe2 Be7 10. Nxe4 Nxe4 11. Qxe4 O-O 12. Re1 Bf6 13. Bf4 Re8 14. Rab1
Rb8 15. Qe3 c5 16. Qg3 Qd5 17. Nc4 Bh4 18. Qh3 1-0

[Event "AUTO-ADV-2877"]
[Site "http://www.queenalice.com/game.php?id=1190608"]
[Date "2013.6.13"]
[Round "1"]
[White "NeyFLA"]
[Black "allgambits"]
[Result "0-1"]
[WhiteElo "1589"]
[BlackElo "1749"]

1. d4 d5 2. c4 Nf6 3. Nc3 e6 4. Nf3 Bb4 5. Qa4+ Bd7 6. Qxb4 Bc6 7. cxd5 exd5 8.
Bg5 h6 9. Bh4 g5 10. Bg3 Nbd7 11. e3 Ng8 12. Bd3 Qe7 13. Qxe7+ Nxe7 14. O-O
O-O-O 15. a4 g4 16. Ne5 Nxe5 17. Bxe5 Rhg8 18. Ne2 Ng6 19. b4 Nxe5 20. dxe5 h5
0-1

[Event "AUTO-ADV-2877"]
[Site "http://www.queenalice.com/game.php?id=1190609"]
[Date "2013.6.13"]
[Round "1"]
[White "allgambits"]
[Black "NeyFLA"]
[Result "1-0"]
[WhiteElo "1759"]
[BlackElo "1579"]

1. d4 d5 2. c4 e6 3. e3 c5 4. Nc3 Nc6 5. Nf3 Nf6 6. Be2 cxd4 7. Nxd4 Bb4 8. Nxc6
bxc6 9. Bd2 O-O 10. O-O Bb7 11. cxd5 cxd5 12. a3 Ba5 13. b4 Bb6 14. Na4 d4 15.
Nxb6 axb6 16. Bf3 Bxf3 17. Qxf3 e5 18. exd4 Qxd4 19. Be3 Qc3 20. Rfc1 Qd3 21.
Qg3 Qb5 22. Bh6 1-0

[Event "Challenge"]
[Site "http://www.queenalice.com/game.php?id=1191584"]
[Date "2013.6.16"]
[Round "-"]
[White "NeyFLA"]
[Black "neyvo"]
[Result "0-1"]
[WhiteElo "1636"]
[BlackElo "1836"]

1. e4 c5 2. Nf3 Nc6 3. c3 e5 4. d4 cxd4 5. cxd4 Bb4+ 6. Nc3 exd4 7. Nxd4 Nf6 8.
Nxc6 Bxc3+ 9. bxc3 bxc6 10. Bc4 O-O 11. Bd3 Re8 12. O-O Nxe4 13. Bxe4 Rxe4 14.
Be3 Qf6 15. Qd3 d5 16. f4 Ba6 17. Qxa6 Rxe3 0-1